[Event "2018 O2C Doeberl Cup Premier"]
[Site "Canberra, Australia"]
[Date "2018.03.31"]
[Round "5.6"]
[White "Sukandar, Irine Kharisma"]
[Black "Brown, Andrew"]
[Result "1/2-1/2"]
[WhiteElo "2408"]
[BlackElo "2278"]
[PlyCount "137"]
[EventDate "2018.03.29"]

1. e4 e5 2. Nf3 Nc6 3. Bb5 a6 4. Ba4 d6 5. c3 Bd7 6. d4 Nge7 7. Be3 g6 8. O-O
Bg7 9. h3 O-O 10. dxe5 dxe5 11. Bc5 b5 12. Bb3 Na5 13. Qe2 Re8 14. Rd1 Qc8 15.
Nbd2 Nxb3 16. axb3 Bc6 17. b4 f5 18. Re1 h6 19. Nh4 Qe6 20. exf5 Nxf5 21. Nhf3
e4 22. Nd4 Nxd4 23. Bxd4 Bxd4 24. cxd4 Bd5 25. Qe3 Kg7 26. Qg3 Qd6 27. Qc3 Re7
28. Qc5 Bb7 29. Nf1 Rd8 30. Rac1 Qxc5 31. dxc5 Rd4 32. Ne3 c6 33. Nc2 Rd2 34.
Red1 Red7 35. Ne3 Kf6 36. Ng4+ Ke6 37. Re1 R7d4 38. f3 Rxb4 39. Nf2 Rbxb2 40.
Rxe4+ Kd5 41. Ng4 Rxg2+ 42. Kf1 Rxg4 43. hxg4 a5 44. Re7 Ba6 45. Ra7 Bc8 46.
Rxa5 b4 47. Ra8 Bb7 48. Ra7 Bc8 49. Ra8 Bb7 50. Rd8+ Ke5 51. Ke1 Ba6 52. Rd2
Rb3 53. Kf2 Bd3 54. Re1+ Kd4 55. Re3 g5 56. Re6 Kxc5 57. Rxh6 Bc4 58. Rf6 Bd5
59. Rc2+ Kd4 60. Rd2+ Rd3 61. Ke2 Rxd2+ 62. Kxd2 c5 63. f4 c4 64. fxg5 c3+ 65.
Kc1 b3 66. Rb6 Kc5 67. Rb8 b2+ 68. Rxb2 cxb2+ 69. Kxb2 1/2-1/2

[Event "2018 O2C Doeberl Cup Premier"]
[Site "Canberra, Australia"]
[Date "2018.03.31"]
[Round "5.7"]
[White "Lane, Gary W"]
[Black "Stojic, Dusan"]
[Result "1-0"]
[WhiteElo "2385"]
[BlackElo "2265"]
[PlyCount "75"]
[EventDate "2018.03.29"]

1. e4 c5 2. Nf3 d6 3. d4 cxd4 4. Qxd4 Nc6 5. Bb5 Bd7 6. Qd3 Nf6 7. O-O g6 8. c4
Bg7 9. Nc3 O-O 10. Bxc6 Bxc6 11. Nd4 Nd7 12. Rd1 Rc8 13. b3 a6 14. Rb1 Qa5 15.
b4 Qh5 16. f4 Nb6 17. b5 Bxb5 18. Ndxb5 axb5 19. Rxb5 Rc5 20. Be3 Rxb5 21. cxb5
Bxc3 22. Bxb6 Rc8 23. Rb1 Bf6 24. a4 Qg4 25. Qd2 Qe6 26. Qd5 Qg4 27. e5 dxe5
28. fxe5 Qf5 29. Re1 Bh4 30. Rf1 Qe6 31. Qxe6 fxe6 32. a5 Rb8 33. Be3 Ra8 34.
Ra1 Be1 35. Rxe1 Rxa5 36. Rb1 Ra2 37. b6 Re2 38. Rb3 1-0

[Event "2018 O2C Doeberl Cup Premier"]
[Site "Canberra, Australia"]
[Date "2018.03.31"]
[Round "5.8"]
[White "Smirnov, Anton"]
[Black "Chan, Luis"]
[Result "1-0"]
[WhiteElo "2543"]
[BlackElo "2210"]
[PlyCount "99"]
[EventDate "2018.03.29"]

1. e4 e6 2. d4 d5 3. Nc3 Bb4 4. e5 c5 5. a3 Bxc3+ 6. bxc3 Ne7 7. Qg4 cxd4 8.
Qxg7 Rg8 9. Qxh7 Qc7 10. Rb1 Qxe5+ 11. Ne2 dxc3 12. h4 Nd7 13. Bf4 Qf6 14. Bg5
Qh8 15. Qxh8 Rxh8 16. Nxc3 a6 17. a4 f6 18. Bd2 b6 19. Na2 Rb8 20. g4 Nc5 21.
f4 Ne4 22. Bd3 Nxd2 23. Kxd2 Kf7 24. h5 e5 25. fxe5 Bxg4 26. exf6 Kxf6 27.
Rbf1+ Bf5 28. Nb4 Ke6 29. Rxf5 Nxf5 30. Re1+ Kf7 31. Bxf5 Rxh5 32. Nc6 Rbh8 33.
Nd4 R8h6 34. Bd3 a5 35. Kc3 Rf6 36. Bb5 Rh3+ 37. Kb2 Rh4 38. Nc6 Rd6 39. Re7+
Kf6 40. Rb7 Rh6 41. Rxb6 Kg5 42. Ra6 Kf4 43. Rxa5 d4 44. Nb4 Rh5 45. Ra8 Ke3
46. Re8+ Kd2 47. Re2+ Kd1 48. Rg2 Rc5 49. Nd3 Rc8 50. Nf2+ 1-0

[Event "2018 O2C Doeberl Cup Premier"]
[Site "Canberra, Australia"]
[Date "2018.03.31"]
[Round "5.9"]
[White "Ikeda, Junta"]
[Black "Zulfic, Fedja"]
[Result "1-0"]
[WhiteElo "2415"]
[BlackElo "2156"]
[PlyCount "65"]
[EventDate "2018.03.29"]

1. Nf3 d5 2. g3 Nf6 3. Bg2 g6 4. c4 Bg7 5. cxd5 Nxd5 6. Nc3 O-O 7. O-O Nc6 8.
d4 Nxc3 9. bxc3 e5 10. e3 exd4 11. cxd4 a5 12. Bb2 Re8 13. Re1 Bg4 14. h3 Bf5
15. a3 Be4 16. Bf1 h5 17. Nd2 h4 18. Nxe4 Rxe4 19. g4 Qg5 20. Bg2 Re7 21. Bc3
Kh7 22. Rb1 Rae8 23. Rxb7 Nd8 24. Ra7 c5 25. Rxa5 Ne6 26. Bd2 Nxd4 27. exd4
Qxd2 28. Qxd2 Rxe1+ 29. Bf1 Bxd4 30. Qf4 R8e7 31. Qg5 Kg7 32. Qxh4 R7e2 33. Ra8
1-0

[Event "2018 O2C Doeberl Cup Premier"]
[Site "Canberra, Australia"]
[Date "2018.03.31"]
[Round "5.10"]
[White "Litchfield, Frederick"]
[Black "Dale, Ari"]
[Result "0-1"]
[WhiteElo "2054"]
[BlackElo "2374"]
[PlyCount "148"]
[EventDate "2018.03.29"]

1. e4 d5 2. Nc3 d4 3. Nce2 c5 4. f4 Nc6 5. Nf3 Nf6 6. d3 Bg4 7. Neg1 h5 8. h3
Bd7 9. g3 Rc8 10. Ne2 g6 11. Bg2 Bg7 12. O-O c4 13. a3 cxd3 14. cxd3 Qb6 15.
Kh2 a5 16. Nh4 Be6 17. Qe1 Bb3 18. Bd2 O-O 19. Nc1 Nd7 20. e5 Nc5 21. Qe2 e6
22. g4 hxg4 23. Qxg4 Ne7 24. Rg1 Bc2 25. Bxa5 Qxa5 26. b4 Qa6 27. bxc5 Rxc5 28.
Be4 Ba4 29. Ne2 Bc6 30. Nxd4 Bxe4 31. dxe4 Rxe5 32. Rae1 Rh5 33. e5 Qxa3 34.
Rg2 Nf5 35. Nhxf5 exf5 36. Qf3 Qxf3 37. Nxf3 Bh6 38. Kg3 Ra8 39. e6 fxe6 40.
Rxe6 Ra4 41. Rxg6+ Kh7 42. Rb6 Bxf4+ 43. Kf2 Ra7 44. h4 Rh6 45. Rb4 Bc1 46.
Ng5+ Kg7 47. Rg1 Rc6 48. Nf3+ Kf6 49. h5 Rc2+ 50. Kg3 Be3 51. Rd1 Bc5 52. Rf4
Ra6 53. Kh3 Bd6 54. Rfd4 Be5 55. R4d3 Raa2 56. Nxe5 Rh2+ 57. Kg3 Kxe5 58. Rd5+
Kf6 59. Rb5 Rag2+ 60. Kf3 Rf2+ 61. Ke3 Re2+ 62. Kf3 Rhf2+ 63. Kg3 Kg5 64. Rdd5
Rg2+ 65. Kf3 Kh4 66. Rd4+ Kh3 67. Kf4 Rg4+ 68. Kf3 Reg2 69. Rd1 R2g3+ 70. Ke2
Re4+ 71. Kf2 Rf4+ 72. Ke2 Kg2 73. Rdd5 Rf2+ 74. Ke1 Rh3 0-1

[Event "2018 O2C Doeberl Cup Premier"]
[Site "Canberra, Australia"]
[Date "2018.03.31"]
[Round "5.11"]
[White "Otawa, Yuto"]
[Black "Johansen, Darryl K"]
[Result "1/2-1/2"]
[WhiteElo "1895"]
[BlackElo "2354"]
[PlyCount "69"]
[EventDate "2018.03.29"]

1. d4 e6 2. c4 Bb4+ 3. Nc3 f5 4. Nf3 Nf6 5. g3 b6 6. Bg2 Bb7 7. O-O O-O 8. Qc2
a5 9. Rd1 Bxc3 10. Qxc3 Qe7 11. b3 d6 12. Bb2 Nbd7 13. a3 Ra7 14. Re1 Ne4 15.
Qc2 Ndf6 16. Nd2 Qd7 17. f3 Nxd2 18. Qxd2 b5 19. e4 fxe4 20. fxe4 bxc4 21. bxc4
d5 22. e5 Ne4 23. Bxe4 dxe4 24. d5 exd5 25. Qd4 Ra6 26. Rf1 Rd8 27. Rf4 dxc4
28. Qxc4+ Qd5 29. Rxe4 Re6 30. Qxd5 Rxd5 31. Rf4 Rd2 32. Rf2 Rxf2 33. Kxf2 Kf7
34. Rc1 Rc6 35. Rxc6 1/2-1/2

[Event "2018 O2C Doeberl Cup Premier"]
[Site "Canberra, Australia"]
[Date "2018.03.31"]
[Round "5.12"]
[White "Song, Raymond"]
[Black "Parle, Hughston"]
[Result "1-0"]
[WhiteElo "2233"]
[BlackElo "2033"]
[PlyCount "119"]
[EventDate "2018.03.29"]

1. e4 c5 2. Ne2 d6 3. g3 Nc6 4. Bg2 g6 5. c3 Bg7 6. d4 cxd4 7. cxd4 e6 8. Nbc3
Nge7 9. O-O O-O 10. Bg5 h6 11. Be3 Qa5 12. Qd2 Kh7 13. a3 a6 14. b4 Qc7 15.
Rac1 Bd7 16. d5 Ne5 17. dxe6 Nc4 18. Nd5 Nxd2 19. Nxc7 Nxf1 20. Bxf1 Bxe6 21.
Nxa8 Rxa8 22. Rc7 Nc6 23. Rxb7 d5 24. exd5 Bxd5 25. Nf4 Bb3 26. Rb6 Ne5 27.
Rxa6 Rd8 28. Be2 Nc4 29. Bc1 Nd2 30. h4 Ne4 31. Be3 Nc3 32. Bf3 Bc4 33. Rc6 Bb5
34. Rc7 Kg8 35. Ra7 Rd6 36. Kg2 Rd8 37. Ra8 Rxa8 38. Bxa8 Nd1 39. Bc1 Bd4 40.
Nh3 Bd7 41. Bf3 Bxh3+ 42. Kxh3 Nxf2+ 43. Kg2 Nd3 44. Bd2 g5 45. hxg5 hxg5 46.
Be4 Nf2 47. Bf5 f6 48. Kf3 Kf7 49. Be3 Bxe3 50. Kxe3 Nd1+ 51. Kd4 Ke7 52. a4
Kd6 53. b5 Nb2 54. a5 Na4 55. b6 Nc5 56. Kc4 Kc6 57. g4 Na4 58. Be4+ Kd6 59.
Bf3 Nc5 60. b7 1-0

[Event "2018 O2C Doeberl Cup Premier"]
[Site "Canberra, Australia"]
[Date "2018.03.31"]
[Round "5.13"]
[White "Chapman, Mark"]
[Black "Cameron, Alistair"]
[Result "1-0"]
[WhiteElo "2385"]
[BlackElo "2104"]
[PlyCount "59"]
[EventDate "2018.03.29"]

1. e4 c5 2. Nf3 d6 3. d4 cxd4 4. Nxd4 Nf6 5. Nc3 a6 6. Bg5 e6 7. f4 Qc7 8. Qf3
b5 9. Bxf6 gxf6 10. a3 Nc6 11. Nxc6 Qxc6 12. f5 Ra7 13. Qh5 Qc5 14. Be2 Kd8 15.
O-O-O b4 16. axb4 Qxb4 17. Rd3 Rb7 18. b3 Qa3+ 19. Kd2 Rc7 20. Rf1 Qb4 21. Ra1
Bb7 22. Ra4 Qb6 23. Qh4 Ke7 24. Rad4 h5 25. Na4 Qa5+ 26. c3 Bh6+ 27. Ke1 e5 28.
Rb4 Bc8 29. Kf1 Rxc3 30. Nxc3 1-0

[Event "2018 O2C Doeberl Cup Premier"]
[Site "Canberra, Australia"]
[Date "2018.03.31"]
[Round "5.14"]
[White "Chen, Pengyu"]
[Black "Wright, Neil S"]
[Result "0-1"]
[WhiteElo "2273"]
[BlackElo "2110"]
[PlyCount "58"]
[EventDate "2018.03.29"]

1. e4 c5 2. c3 d5 3. exd5 Nf6 4. d4 Nxd5 5. dxc5 e6 6. c4 Nb4 7. a3 Qxd1+ 8.
Kxd1 N4c6 9. Nc3 Bxc5 10. Ne4 Be7 11. Be3 O-O 12. Kc2 f5 13. Nc3 f4 14. Bc1
Nd4+ 15. Kb1 Nb3 16. Bd3 Nc6 17. Nf3 Nxa1 18. Kxa1 Bc5 19. Ne4 b6 20. Nxc5 bxc5
21. Be4 Bb7 22. Ng5 Nd8 23. Bxb7 Nxb7 24. Nxe6 Rf6 25. Nxf4 Na5 26. Be3 Nxc4
27. Nd5 Rd6 28. Rc1 Nxe3 29. Nxe3 Rd2 0-1

[Event "2018 O2C Doeberl Cup Premier"]
[Site "Canberra, Australia"]
[Date "2018.03.31"]
[Round "5.15"]
[White "Puccini, Jack"]
[Black "Guo, Emma"]
[Result "1-0"]
[WhiteElo "2264"]
[BlackElo "2092"]
[PlyCount "93"]
[EventDate "2018.03.29"]

1. e4 e5 2. Nf3 Nc6 3. d4 exd4 4. Nxd4 Bc5 5. Nxc6 Qf6 6. Qf3 dxc6 7. Nc3 Be6
8. Qg3 O-O-O 9. Be3 Bxe3 10. Qxe3 Qd4 11. Qxd4 Rxd4 12. Bd3 Ne7 13. f4 f6 14.
O-O-O a6 15. Rd2 c5 16. Rhd1 Rhd8 17. g3 Nc6 18. Be2 Rxd2 19. Rxd2 Rxd2 20.
Kxd2 Nd4 21. Bd1 Kd7 22. Ke3 b5 23. Ne2 Bg4 24. c3 Bxe2 25. Bxe2 Nxe2 26. Kxe2
c4 27. Ke3 Kd6 28. Kd4 c5+ 29. Ke3 Ke6 30. Kf3 Kd6 31. Ke3 Ke6 32. Kf2 Kd6 33.
Kf3 Ke6 34. Kg4 g6 35. Kf3 Kd6 36. g4 g5 37. e5+ Ke6 38. exf6 Kxf6 39. fxg5+
Kxg5 40. Kg3 a5 41. h4+ Kf6 42. Kf4 h6 43. g5+ hxg5+ 44. hxg5+ Kg6 45. a3 a4
46. Kg4 b4 47. Kf4 1-0

[Event "2018 O2C Doeberl Cup Premier"]
[Site "Canberra, Australia"]
[Date "2018.03.31"]
[Round "5.16"]
[White "Winkelman, Albert"]
[Black "Goldsmith, Alan D"]
[Result "1-0"]
[WhiteElo "2010"]
[BlackElo "2179"]
[PlyCount "81"]
[EventDate "2018.03.29"]

1. e4 c5 2. Nf3 d6 3. d4 cxd4 4. Nxd4 Nf6 5. Nc3 e5 6. Ndb5 a6 7. Na3 b5 8. Nd5
Be6 9. Bg5 Bxd5 10. Bxf6 Qa5+ 11. c3 Bxe4 12. Qg4 Bb7 13. Bh4 Nc6 14. Rd1 h6
15. Bd3 Qc7 16. f3 Be7 17. Bxe7 Qxe7 18. Qxg7 O-O-O 19. Qg3 d5 20. O-O Rhg8 21.
Qf2 Rg5 22. f4 exf4 23. Qxf4 Ne5 24. Bf5+ Kb8 25. Rd4 Ka8 26. Bh3 Nc6 27. Rd2
Ne5 28. Qf6 Qc5+ 29. Qf2 d4 30. cxd4 Qd5 31. Kh1 Ng4 32. Qxf7 Ne3 33. Qxd5 Bxd5
34. Re1 Rf8 35. Kg1 Rf3 36. g3 Rh5 37. Rde2 Nf5 38. Bg2 Nxd4 39. Rd2 Rxg3 40.
hxg3 Nf3+ 41. Bxf3 1-0

[Event "2018 O2C Doeberl Cup Premier"]
[Site "Canberra, Australia"]
[Date "2018.03.31"]
[Round "5.17"]
[White "Kethro, Michael"]
[Black "Lo, Willis"]
[Result "1/2-1/2"]
[WhiteElo "2170"]
[BlackElo "2005"]
[PlyCount "103"]
[EventDate "2018.03.29"]

1. Nf3 d5 2. d4 Nf6 3. c4 c6 4. cxd5 cxd5 5. Nc3 Nc6 6. Bf4 Bf5 7. e3 e6 8. Qb3
Bb4 9. Bb5 O-O 10. Bxc6 Bxc3+ 11. Qxc3 Rc8 12. Ne5 Ne4 13. Qa3 bxc6 14. O-O f6
15. Nd3 g5 16. Bg3 h5 17. f3 Nxg3 18. hxg3 Qc7 19. Kf2 h4 20. gxh4 Qh7 21. Ke2
Rb8 22. Nf2 Qxh4 23. g4 Bg6 24. b3 Qh7 25. Rac1 e5 26. Rh1 Qf7 27. Rxc6 exd4
28. Qd6 Rbe8 29. Qh2 Rxe3+ 30. Kf1 Qg7 31. Rc7 Re7 32. Rxe7 Qxe7 33. Kg2 d3 34.
Rc1 d2 35. Rd1 Qe3 36. Qd6 d4 37. Qb4 Qc3 38. Qc4+ Bf7 39. Qe2 Bd5 40. Ne4 Bxe4
41. Qxe4 f5 42. Qe6+ Rf7 43. Qe8+ Kg7 44. Rh1 fxg4 45. Qe5+ Kg6 46. Qe6+ Rf6
47. Qg8+ Kf5 48. Qd5+ Kg6 49. Qe4+ Kf7 50. Qd5+ Kg6 51. Qe4+ Kf7 52. Qd5+
1/2-1/2

[Event "2018 O2C Doeberl Cup Premier"]
[Site "Canberra, Australia"]
[Date "2018.03.31"]
[Round "5.18"]
[White "Cannon, David"]
[Black "Goh, Sean Christian"]
[Result "1-0"]
[WhiteElo "2159"]
[BlackElo "1837"]
[PlyCount "147"]
[EventDate "2018.03.29"]

1. e4 e5 2. Nf3 Nc6 3. Bb5 a6 4. Bxc6 dxc6 5. O-O f6 6. d4 Bg4 7. c3 Bd6 8. Be3
Ne7 9. Nbd2 b5 10. Qb3 Bh5 11. dxe5 Bxe5 12. Nxe5 fxe5 13. a4 Bf7 14. Qa3 O-O
15. Rfd1 Ng6 16. Nf3 Qc8 17. axb5 Bc4 18. b6 cxb6 19. Nd2 Be6 20. Bxb6 Nf4 21.
Kh1 Rf6 22. Nf1 Qe8 23. Ng3 h5 24. h4 Qg6 25. Bd8 Rf8 26. Bg5 Bg4 27. Rd6 Qf7
28. Rf1 Ne2 29. Nf5 Bxf5 30. exf5 Qxf5 31. Qb3+ Kh8 32. Rdd1 Qg4 33. Qb4 e4 34.
Rde1 Rae8 35. Qc4 Nf4 36. Bxf4 Qxf4 37. Qxc6 Qxh4+ 38. Kg1 Re5 39. Qg6 Rf6 40.
Qg3 Qxg3 41. fxg3 Rb6 42. Re2 Rg5 43. Rf8+ Kh7 44. Kf2 Rbg6 45. Re3 h4 46. Rxe4
hxg3+ 47. Kf3 Rh6 48. Ree8 Rgh5 49. Rh8+ Kg6 50. Rxh6+ Kxh6 51. Re2 a5 52. Ke4
g6 53. Kd4 Rf5 54. c4 Rf8 55. Ke3 Rf5 56. Rc2 Rc5 57. Kd4 Rc8 58. c5 Kg7 59.
Kd5 Rf8 60. c6 Rf2 61. Rc1 Rxg2 62. c7 Rd2+ 63. Kc6 g2 64. c8=Q Rc2+ 65. Rxc2
g1=Q 66. Qc7+ Kg8 67. Qd8+ Kg7 68. Rd2 Qh1+ 69. Kb6 Qe1 70. Rd7+ Kh6 71. Qh8+
Kg5 72. Rd5+ Kg4 73. Qd4+ Kh3 74. Qc3+ 1-0

[Event "2018 O2C Doeberl Cup Premier"]
[Site "Canberra, Australia"]
[Date "2018.03.31"]
[Round "5.19"]
[White "Maguire, Tom"]
[Black "Hu, Jason"]
[Result "0-1"]
[WhiteElo "2096"]
[BlackElo "2157"]
[PlyCount "58"]
[EventDate "2018.03.29"]

1. d4 d5 2. c4 c6 3. Nf3 Nf6 4. e3 Bf5 5. Nc3 e6 6. Be2 h6 7. O-O Nbd7 8. b3
Bd6 9. Bb2 O-O 10. Re1 Qe7 11. Bd3 Bxd3 12. Qxd3 Rfd8 13. e4 dxe4 14. Nxe4 Nxe4
15. Qxe4 Nf6 16. Qh4 Ba3 17. Bxa3 Qxa3 18. c5 Rd5 19. Ne5 Rad8 20. Nc4 Qb4 21.
a3 Qxb3 22. Nd6 b5 23. Re3 Qb2 24. Rd1 Qc2 25. Rf1 Qd2 26. Re4 R8xd6 27. cxd6
Nxe4 28. Qxe4 Rxd6 29. a4 Qxd4 0-1

[Event "2018 O2C Doeberl Cup Premier"]
[Site "Canberra, Australia"]
[Date "2018.03.31"]
[Round "5.20"]
[White "Nguyen, Thu Giang"]
[Black "Lin, Kerry"]
[Result "1-0"]
[WhiteElo "2131"]
[BlackElo "1851"]
[PlyCount "55"]
[EventDate "2018.03.29"]

1. e4 c5 2. Nf3 e6 3. b3 Nc6 4. Bb5 Nf6 5. Bxc6 dxc6 6. d3 Be7 7. Bb2 O-O 8.
O-O b5 9. Nbd2 Qc7 10. Ne5 Nd7 11. Nxd7 Bxd7 12. f4 f6 13. Qe2 Rae8 14. g4 g5
15. fxg5 fxg5 16. e5 Qd8 17. Ne4 Rxf1+ 18. Rxf1 Rf8 19. Nf6+ Bxf6 20. exf6 Kf7
21. Qe5 Rg8 22. Rf2 Bc8 23. Qxc5 Qd7 24. Ba3 Re8 25. Qxg5 e5 26. Qg7+ Ke6 27.
Qxd7+ Bxd7 28. f7 1-0

[Event "2018 O2C Doeberl Cup Premier"]
[Site "Canberra, Australia"]
[Date "2018.03.31"]
[Round "6.1"]
[White "Morris, James"]
[Black "Gareyev, Timur"]
[Result "1/2-1/2"]
[WhiteElo "2461"]
[BlackElo "2590"]
[PlyCount "62"]
[EventDate "2018.03.29"]

1. c4 c5 2. Nc3 g6 3. g3 Bg7 4. Bg2 h5 5. Nf3 Nh6 6. h3 Nc6 7. Rb1 b6 8. e4 Bb7
9. d3 d6 10. Ne2 Qd7 11. O-O e5 12. Nc3 O-O 13. Nd5 Kh8 14. a3 Ne7 15. b4 Nxd5
16. cxd5 Ba6 17. Re1 Rac8 18. Bf1 Bb5 19. bxc5 bxc5 20. Be3 Ng8 21. Qd2 a6 22.
Rec1 Rb8 23. Ng5 Nf6 24. Qa5 Kg8 25. a4 Bxa4 26. Qxa6 Ra8 27. Qb7 Qd8 28. Ra1
Rb8 29. Qa7 Ra8 30. Qb7 Rb8 31. Qa7 Ra8 1/2-1/2

[Event "2018 O2C Doeberl Cup Premier"]
[Site "Canberra, Australia"]
[Date "2018.03.31"]
[Round "6.2"]
[White "Sengupta, Deep"]
[Black "Tao, Trevor"]
[Result "1/2-1/2"]
[WhiteElo "2579"]
[BlackElo "2366"]
[PlyCount "176"]
[EventDate "2018.03.29"]

1. e4 c6 2. d4 d5 3. e5 Bf5 4. h4 Qc7 5. c4 e6 6. Nc3 h6 7. Bd3 Bxd3 8. Qxd3
dxc4 9. Qxc4 Nd7 10. Nf3 Ne7 11. O-O Nb6 12. Qb3 Ned5 13. Ne4 Be7 14. Bd2 a5
15. a3 O-O 16. Rac1 Rfc8 17. Nh2 Qd8 18. Qg3 Kh8 19. Qf3 Qg8 20. g4 f5 21. exf6
Nxf6 22. g5 Nfd5 23. Ng4 Rf8 24. Qd3 Nd7 25. Ng3 Nf4 26. Bxf4 Rxf4 27. f3 hxg5
28. hxg5 Bxg5 29. Rc2 Qh7 30. Rh2 Bh6 31. Qb3 Re8 32. Ne2 Rf7 33. Kg2 Qg6 34.
Rfh1 Qg5 35. Qd3 Nf6 36. Qe3 Qxe3 37. Nxe3 Rd7 38. Nc4 Rd5 39. Rh4 Red8 40. f4
Kg8 41. Kf3 Kf8 42. a4 Rb8 43. Rc1 Ke7 44. Ne3 Rh5 45. Rxh5 Nxh5 46. Rc5 Nxf4
47. Nxf4 Rf8 48. Neg2 g5 49. Rxa5 gxf4 50. Ra7 Rb8 51. Ke4 Kd6 52. a5 f3 53.
Kxf3 Kd5 54. Ne3+ Kxd4 55. Ng4 Bf8 56. a6 bxa6 57. Rxa6 Rb3+ 58. Kf4 Bd6+ 59.
Kg5 Kc5 60. Kf6 e5 61. Ke6 Rxb2 62. Nf6 Kb5 63. Ra8 Bb4 64. Ne4 Re2 65. Kxe5
Kc4 66. Rc8 c5 67. Kf4 Bd2+ 68. Kf5 Be3 69. Nxc5 Bxc5 70. Rd8 Bd4 71. Rd7 Re5+
72. Kf4 Kd3 73. Rf7 Re1 74. Kf5 Re2 75. Kg4 Ke4 76. Rf4+ Ke5 77. Rf5+ Ke6 78.
Rf1 Kd5 79. Rf5+ Be5 80. Kf3 Ra2 81. Rf8 Ra3+ 82. Ke2 Ke4 83. Rf2 Bg3 84. Rg2
Ra2+ 85. Kf1 Ra1+ 86. Ke2 Ra3 87. Kf1 Kf3 88. Rf2+ Bxf2 1/2-1/2

[Event "2018 O2C Doeberl Cup Premier"]
[Site "Canberra, Australia"]
[Date "2018.03.31"]
[Round "6.3"]
[White "Bjelobrk, Igor"]
[Black "Lane, Gary W"]
[Result "1-0"]
[WhiteElo "2380"]
[BlackElo "2385"]
[PlyCount "65"]
[EventDate "2018.03.29"]

1. d4 d5 2. c4 dxc4 3. Nf3 Nf6 4. e3 Bg4 5. Bxc4 e6 6. h3 Bh5 7. Nc3 Nbd7 8.
O-O Bd6 9. Be2 O-O 10. e4 Bxf3 11. Bxf3 e5 12. d5 Ne8 13. Re1 g6 14. Bh6 Ng7
15. Rc1 f5 16. Nb5 Nf6 17. Qc2 fxe4 18. Bxe4 Rf7 19. Bg5 Qd7 20. Bxf6 Rxf6 21.
Qb3 Rf7 22. Rc2 Nf5 23. Rec1 a6 24. Bxf5 Qxf5 25. Nxd6 cxd6 26. Qb6 Qf6 27.
Rc8+ Rf8 28. Rxa8 Rxa8 29. Rc7 Rf8 30. Rxb7 e4 31. Qe3 Re8 32. Qh6 Qh8 33. h4
1-0

[Event "2018 O2C Doeberl Cup Premier"]
[Site "Canberra, Australia"]
[Date "2018.03.31"]
[Round "6.4"]
[White "Mu, Ke"]
[Black "Smirnov, Anton"]
[Result "1/2-1/2"]
[WhiteElo "2450"]
[BlackElo "2543"]
[PlyCount "63"]
[EventDate "2018.03.29"]

1. d4 d5 2. c4 c6 3. Nf3 Nf6 4. e3 Bg4 5. Nc3 e6 6. h3 Bh5 7. Qb3 Qb6 8. Ne5
dxc4 9. Bxc4 Nbd7 10. Nxd7 Nxd7 11. O-O Bg6 12. e4 Qxb3 13. Bxb3 Bb4 14. f3 O-O
15. Be3 Rfe8 16. Rac1 f5 17. d5 exd5 18. exd5 Bf7 19. dxc6 bxc6 20. Bxf7+ Kxf7
21. Bf2 Nb6 22. a3 Bf8 23. Rc2 Rac8 24. Rd1 Rcd8 25. Rxd8 Rxd8 26. Kf1 Ke6 27.
Re2+ Kd6 28. Bh4 Rc8 29. Bg3+ Kd7 30. Rd2+ Ke8 31. Re2+ Kd7 32. Rd2+ 1/2-1/2

[Event "2018 O2C Doeberl Cup Premier"]
[Site "Canberra, Australia"]
[Date "2018.03.31"]
[Round "6.5"]
[White "Kunte, Abhijit"]
[Black "Song, Raymond"]
[Result "1-0"]
[WhiteElo "2499"]
[BlackElo "2233"]
[PlyCount "103"]
[EventDate "2018.03.29"]

1. Nf3 d5 2. d4 Nf6 3. c4 e6 4. g3 Bb4+ 5. Bd2 Be7 6. Bg2 O-O 7. O-O Nbd7 8.
Bf4 c6 9. Nc3 Nh5 10. Bc1 Nhf6 11. Nd2 b6 12. e4 Bb7 13. Re1 Rc8 14. b3 dxe4
15. Ndxe4 Nxe4 16. Nxe4 Nf6 17. Bb2 Qc7 18. Qc2 Rfd8 19. Rad1 h6 20. c5 Rd7 21.
b4 Rcd8 22. Nd2 Nd5 23. a3 Ba6 24. Nf3 Bf6 25. Rc1 Ne7 26. h4 Bb7 27. Qb3 a5
28. bxa5 bxa5 29. Bc3 Nd5 30. Bd2 Ba6 31. Rb1 Ra8 32. Qc2 Rdd8 33. g4 Nf4 34.
Bxf4 Qxf4 35. Re4 Qc7 36. g5 hxg5 37. hxg5 Be7 38. Bh3 Bc8 39. Rbe1 Rd5 40. Rh4
g6 41. Ne5 Bxg5 42. Rg4 Qe7 43. Nxg6 fxg6 44. Qxg6+ Kf8 45. Re5 Qf6 46. Rexg5
Qxg6 47. Rxg6 Rb8 48. Rg8+ Ke7 49. R4g7+ Kf6 50. Rg6+ Ke7 51. Kg2 Rxd4 52.
R6g7+ 1-0

[Event "2018 O2C Doeberl Cup Premier"]
[Site "Canberra, Australia"]
[Date "2018.03.31"]
[Round "6.6"]
[White "Brown, Andrew"]
[Black "Ikeda, Junta"]
[Result "0-1"]
[WhiteElo "2278"]
[BlackElo "2415"]
[PlyCount "98"]
[EventDate "2018.03.29"]

1. d4 f5 2. Nc3 Nf6 3. Bg5 d5 4. Bxf6 exf6 5. e3 Be6 6. Bd3 g6 7. Nce2 Nd7 8.
h4 h5 9. c3 Nb6 10. Qc2 Bf7 11. Nh3 Bd6 12. Nhf4 Qe7 13. O-O-O O-O-O 14. Rhe1
Kb8 15. Kb1 Rc8 16. g3 c6 17. Nc1 c5 18. Bf1 c4 19. Bg2 Bc7 20. Qe2 Rhd8 21.
Qf1 Qd7 22. Rd2 Na4 23. Ka1 Ba5 24. Rc2 g5 25. Nh3 Rg8 26. hxg5 fxg5 27. f4 g4
28. Ng5 Bg6 29. Qh1 Rgd8 30. Ree2 Rc6 31. a3 Rb6 32. Na2 Rb3 33. Nc1 Rb5 34.
Na2 Rc8 35. Nb4 Bxb4 36. cxb4 a5 37. bxa5 Rxa5 38. Qe1 Rb5 39. Kb1 Rc6 40. Kc1
Rcb6 41. Qf2 Qd6 42. Kd1 Rb3 43. Bf1 c3 44. bxc3 Nxc3+ 45. Kd2 Nxe2 46. Bxe2
Qxa3 47. Bd1 Rd3+ 48. Ke1 Rb1 49. Rd2 Qc3 0-1

[Event "2018 O2C Doeberl Cup Premier"]
[Site "Canberra, Australia"]
[Date "2018.03.31"]
[Round "6.7"]
[White "Dale, Ari"]
[Black "Sukandar, Irine Kharisma"]
[Result "0-1"]
[WhiteElo "2374"]
[BlackElo "2408"]
[PlyCount "80"]
[EventDate "2018.03.29"]

1. d4 Nf6 2. c4 e6 3. Nc3 Bb4 4. e3 O-O 5. Bd3 d5 6. Nf3 b6 7. O-O Ba6 8. cxd5
exd5 9. Bxa6 Nxa6 10. Qa4 Qc8 11. Bd2 Re8 12. Rfd1 Qb7 13. Rac1 c6 14. a3 Bd6
15. Be1 Rac8 16. Na2 c5 17. dxc5 bxc5 18. b4 h6 19. Rb1 cxb4 20. Nxb4 Nxb4 21.
Bxb4 Bxb4 22. Rxb4 Qc7 23. h3 Ne4 24. Qb3 Nc3 25. Rd2 a5 26. Rb7 Qd6 27. g3
Rxe3 28. Kg2 Ree8 29. Nd4 Ne4 30. Nf5 Qf6 31. Rxd5 Nc5 32. Rxc5 Rxc5 33. Nd6
Rf8 34. Ne4 Qc6 35. Qf3 Rf5 36. Qxf5 Qxb7 37. Kh2 Qc6 38. h4 Re8 39. Nd2 Re2
40. Nf1 Qc2 0-1

[Event "2018 O2C Doeberl Cup Premier"]
[Site "Canberra, Australia"]
[Date "2018.03.31"]
[Round "6.8"]
[White "Ma, Qun"]
[Black "Clarke, Brandon G I"]
[Result "1-0"]
[WhiteElo "2645"]
[BlackElo "2362"]
[PlyCount "77"]
[EventDate "2018.03.29"]

1. d4 Nf6 2. c4 g6 3. Nc3 Bg7 4. e4 d6 5. f3 O-O 6. Be3 c5 7. dxc5 dxc5 8. Qxd8
Rxd8 9. Bxc5 Nc6 10. Ba3 b6 11. Nge2 Ba6 12. Nb5 Bb7 13. Nec3 Rd7 14. Na4 Nh5
15. c5 Nd4 16. O-O-O Bc6 17. Nac3 Nf4 18. Nxd4 Rxd4 19. Bb5 Bxb5 20. Nxb5 Rxd1+
21. Rxd1 bxc5 22. Bxc5 a6 23. Nc3 Rc8 24. Bxe7 Nxg2 25. Kd2 Be5 26. Nd5 Nf4 27.
b4 Kg7 28. h4 Ne6 29. a4 Kh6 30. Rb1 Bb8 31. Bf6 Kh5 32. b5 axb5 33. Rxb5 Kh6
34. a5 Bg3 35. a6 Ra8 36. Ra5 Bf2 37. Ne3 Bxe3+ 38. Kxe3 Ra7 39. Bd4 1-0

[Event "2018 O2C Doeberl Cup Premier"]
[Site "Canberra, Australia"]
[Date "2018.03.31"]
[Round "6.9"]
[White "Cannon, David"]
[Black "Chapman, Mark"]
[Result "0-1"]
[WhiteElo "2159"]
[BlackElo "2385"]
[PlyCount "92"]
[EventDate "2018.03.29"]

1. e4 e5 2. Nf3 Nc6 3. Bc4 Nf6 4. d3 Be7 5. O-O O-O 6. a4 d6 7. c3 Na5 8. Ba2
c5 9. Nbd2 Nc6 10. Re1 h6 11. Nf1 Be6 12. Ng3 Bxa2 13. Rxa2 d5 14. Qe2 Re8 15.
Nf5 Bf8 16. Ra1 Qd7 17. Nd2 Rad8 18. Qf3 Re6 19. Qg3 Kh7 20. Qh4 Ng8 21. Nf3 f6
22. g4 g6 23. Nxh6 Bxh6 24. g5 fxg5 25. Nxg5+ Kg7 26. Nxe6+ Qxe6 27. Be3 d4 28.
cxd4 Rxd4 29. Red1 g5 30. Qg3 Nf6 31. Bxg5 Nh5 32. Qg2 Kh7 33. Bxh6 Qxh6 34.
Kh1 Nf4 35. Qg3 Rd8 36. Qe3 b6 37. Rd2 Kg7 38. Rc1 Rh8 39. f3 Nd4 40. b4 cxb4
41. Rc7+ Kf6 42. Rxa7 Qh3 43. Rf2 Rg8 44. Rb7 Rg2 45. Rxb6+ Ke7 46. Rh6 Rxf2
0-1